Catálogo
 En Linea

Zaragoza, 1940-1960 : (Registro nro. 11812)

Detalles MARC
000 -CABECERA
campo de control de longitud fija 01433cam a2200277 a 4500
001 - NÚMERO DE CONTROL
campo de control 000012147
005 - FECHA Y HORA DE LA ÚLTIMA TRANSACCIÓN
campo de control 20200929162721.0
008 - DATOS DE LONGITUD FIJA--INFORMACIÓN GENERAL
campo de control de longitud fija 980803s1996 sp a b s001 0 spa
020 ## - NÚMERO INTERNACIONAL ESTÁNDAR DEL LIBRO
Número Internacional Estándar del Libro 8478203214
ISBN cancelado o inválido 84782031214
035 ## - NÚMERO DE CONTROL DEL SISTEMA
Número de control de sistema (SpBaP)pu 970007622
040 ## - FUENTE DE LA CATALOGACIÓN
Centro catalogador/agencia de origen DO-SdBNP
Centro/agencia transcriptor DLC
043 ## - CÓDIGO DE ÁREA GEOGRÁFICA
Código de área geográfica e-sp---
050 00 - SIGNATURA TOPOGRÁFICA DE LA BIBLIOTECA DEL CONGRESO
Número de clasificación DP402.S317
Número de documento/Ítem Z37 1996
082 ## - NÚMERO DE LA CLASIFICACIÓN DECIMAL DEWEY
Número de clasificación nnn
Número de documento/Ítem Z36
049 ## - FONDOS LOCALES (OCLC)
Fondos de biblioteca BNGR
245 00 - MENCIÓN DE TÍTULO
Título Zaragoza, 1940-1960 :
Resto del título cultura, economía y sociedad /
Mención de responsabilidad, etc. coordinadora, María del Carmen Lacarra Ducay.
260 ## - PUBLICACIÓN, DISTRIBUCIÓN, ETC.
Lugar de publicación, distribución, etc. Zaragoza :
Nombre del editor, distribuidor, etc. Institución Fernando el Católico,
Fecha de publicación, distribución, etc. 1996.
300 ## - DESCRIPCIÓN FÍSICA
Extensión 105 p. :
Otras características físicas il. ;
Dimensiones 24 cm.
490 1# - MENCIÓN DE SERIE
Mención de serie Institución Fernando el Católico
Designación de volumen o secuencia 1713
504 ## - NOTA DE BIBLIOGRAFÍA, ETC.
Nota de bibliografía, etc. Incluye referencias bibliográficas.
505 0# - NOTA DE CONTENIDO CON FORMATO
Nota de contenido con formato La sociedad zaragozana, 1943-1960 / por Eloy Fernández Clemente -- La vida literaria zaragozana, 1943-1960 / por Dámaso Santos Gutiérrez -- Pertinaz sequía : la economía aragonesa entre 1940 y 1960 / por Luis Germán Zubero -- Zaragoza en los años 1940-1950 / por Regino Borobio Navarro -- Las artes plásticas en Aragón, 1943-1960 / por Ángel Azpeitia Burgos -- Conferencia-concierto sobre Pablo Bruna y Gaspar Sanz / estudiados por Pedro Calahorra Martínez.
651 #0 - PUNTO DE ACCESO ADICIONAL DE MATERIA--NOMBRE GEOGRÁFICO
Nombre geográfico Zaragoza (Spain{Rpara}
Subdivisión general Civilization.
9 (RLIN) 28709
700 1# - PUNTO DE ACCESO ADICIONAL--NOMBRE DE PERSONA
Nombre de persona Lacarra Ducay, María del Carmen.
Término indicativo de función/relación coor.
9 (RLIN) 8803
830 #0 - PUNTO DE ACCESO ADICIONAL DE SERIE-TÍTULO UNIFORME
Título uniforme Institución Fernando el Católico ;
Designación de volumen o secuencia 1713.
9 (RLIN) 16722
910 ## - DATOS DE OPCIÓN DEL USUARIO (OCLC)
Datos de opción del usuario Catalogación por copia / LC
Existencias
Estado de retiro Estado de pérdida Restricciones de uso No para préstamo Código de colección Localización permanente Ubicación/localización actual Ubicación en estantería Fecha de adquisición Número de inventario Total de préstamos Signatura topográfica completa Código de barras Fecha visto por última vez Precio válido a partir de Tipo de ítem Koha
    Préstamo interno   Monografías: Libros y Folletos General General En catalogación 05.11.2009 LF1   nnn Z36 12147-10 25.06.2020 25.06.2020 Préstamo interno

Con tecnología Koha